<?xml version="1.0" encoding="UTF-8"?>
<collection xmlns:xsi="http://www.w3.org/2001/XMLSchema-instance" xsi:schemaLocation="http://www.loc.gov/MARC21/slim http://www.loc.gov/standards/marcxml/schema/MARC21slim.xsd" xmlns="http://www.loc.gov/MARC21/slim">
 <record>
  <leader>00000cam a22000004i 4500</leader>
  <controlfield tag="001">UP-1685523046126318372</controlfield>
  <controlfield tag="003">Buklod</controlfield>
  <controlfield tag="005">20230907100552.0</controlfield>
  <controlfield tag="006">m    |o  d |      </controlfield>
  <controlfield tag="007">ta</controlfield>
  <controlfield tag="008">230907s2006    xx     d     |||| ||    |</controlfield>
  <datafield tag="020" ind1=" " ind2=" ">
   <subfield code="a">9781576753484</subfield>
  </datafield>
  <datafield tag="035" ind1=" " ind2=" ">
   <subfield code="a">(iLib)UPMNL-00015383351</subfield>
  </datafield>
  <datafield tag="040" ind1="0" ind2=" ">
   <subfield code="a">DLC</subfield>
   <subfield code="d">NTTCHP</subfield>
   <subfield code="e">rda</subfield>
  </datafield>
  <datafield tag="041" ind1="0" ind2=" ">
   <subfield code="a">eng</subfield>
  </datafield>
  <datafield tag="090" ind1="0" ind2="0">
   <subfield code="a">HF 5549.5 T7</subfield>
   <subfield code="b">K57 2006</subfield>
  </datafield>
  <datafield tag="100" ind1="1" ind2=" ">
   <subfield code="a">Kirkpatrick, Donald L.</subfield>
   <subfield code="e">author</subfield>
  </datafield>
  <datafield tag="245" ind1="1" ind2="0">
   <subfield code="a">Evaluating training programs</subfield>
   <subfield code="b">the four levels</subfield>
   <subfield code="c">Donald L. Kirkpatrick, James D. Kirkpatrick.</subfield>
  </datafield>
  <datafield tag="250" ind1=" " ind2=" ">
   <subfield code="a">3rd edition.</subfield>
  </datafield>
  <datafield tag="264" ind1="3" ind2="4">
   <subfield code="a">San Francisco, CA</subfield>
   <subfield code="b">Berrett-Koehler</subfield>
   <subfield code="c">c2006.</subfield>
  </datafield>
  <datafield tag="300" ind1=" " ind2=" ">
   <subfield code="a">xvii, 379 pages</subfield>
   <subfield code="b">illustrations</subfield>
   <subfield code="c">25 cm.</subfield>
  </datafield>
  <datafield tag="336" ind1=" " ind2=" ">
   <subfield code="a">text</subfield>
   <subfield code="2">rdacontent</subfield>
  </datafield>
  <datafield tag="337" ind1=" " ind2=" ">
   <subfield code="a">unmediated</subfield>
   <subfield code="2">rdamedia</subfield>
  </datafield>
  <datafield tag="338" ind1=" " ind2=" ">
   <subfield code="a">volume</subfield>
   <subfield code="2">rdacarrier</subfield>
  </datafield>
  <datafield tag="504" ind1=" " ind2=" ">
   <subfield code="a">Includes bibliographical references and index.</subfield>
  </datafield>
  <datafield tag="505" ind1="0" ind2="0">
   <subfield code="a">Foreword / Merrill C. Anderson -- Foreword to the third edition / Diederick Stoel -- Preface -- Part 1. Concepts, principles, guidelines, and techniques. Chap. 1. Evaluating : part of a ten-step process -- Chap. 2. Reasons for evaluating -- Chap. 3. The four levels : an overview -- Chap. 4. Evaluating reaction -- Chap. 5. Evaluating learning -- Chap. 6. Evaluating behavior -- Chap. 7. Evaluating results -- Chap. 8. Implementing the four levels -- Chap. 9. Managing change -- Chap. 10. Using balanced scorecards to transfer learning to behavior -- Chap. 11. So how is e-learning different? -- Part 2. Case studies of implementation. Chap. 12. Developing an effective level 1 reaction form : Duke Energy Corporation -- Chap. 13. Evaluating a training program for nonexempt employees : First Union National Bank -- Chap. 14. Evaluating a training program on developing supervisory skills : Management Institute, University of Wisconsin -- Chap. 15. Evaluating a leadership training program : Gap Inc. -- Chap. 16. Evaluating a leadership development program : U.S. Geological Survey -- Chap. 17. Evaluating a leadership development program : Caterpillar, Inc. -- Chap. 18. Evaluating desktop application courses : Pollak Learning Alliance (Australia) -- Chap. 19. Evaluating an orientation program for new managers : Canada Revenue Agency, Pacific Region -- Chap. 20. Evaluating training for an outage management system : PacificCorp -- Chap. 21. Evaluating a coaching and counseling course : Grupo Iberdrola (Spain) -- Chap. 22. Evaluating a performance learning model : Defense Acquisition University -- Chap. 23. Evaluating an information technology skills -- Chap. 24. Evaluating a performance improvement program : Toyota Motor Sales, U.S.A., Inc. -- Chap. 25. Evaluating a career development initiative : Innovative Computer, Inc. -- Chap. 26. Evaluating the four levels by using a new assessment process : Army and Air Force Exchange Service (AAFES) -- Chap. 27. Evaluating a training program at all four levels : Cisco Systems, Inc. -- Chap. Index -- Chap. The authors.</subfield>
  </datafield>
  <datafield tag="520" ind1="0" ind2=" ">
   <subfield code="a">The &quot;Kirkpatrick Model&quot; for evaluating training programs is the most widely used approach in the corporate, government, and academic worlds. First developed in 1959, it focuses on four key areas: reaction, learning, behavior, and results. This book provides a comprehensive guide to Kirkpatrick's four-level model, along with detailed case studies that show how the approach is used successfully in a wide range of programs and institutions. The third edition revises and updates existing material and includes new strategies for managing change effectively.</subfield>
  </datafield>
  <datafield tag="650" ind1="0" ind2="0">
   <subfield code="a">Employees</subfield>
   <subfield code="x">Training of</subfield>
   <subfield code="x">Evaluation.</subfield>
  </datafield>
  <datafield tag="700" ind1="1" ind2=" ">
   <subfield code="a">Kirkpatrick, James D.</subfield>
   <subfield code="d">1952-</subfield>
   <subfield code="e">author.</subfield>
  </datafield>
  <datafield tag="905" ind1=" " ind2=" ">
   <subfield code="a">FO</subfield>
  </datafield>
  <datafield tag="852" ind1="0" ind2=" ">
   <subfield code="a">UPMNL</subfield>
   <subfield code="b">NTTC</subfield>
   <subfield code="h">HF 5549.5 T7</subfield>
   <subfield code="i">K57 2006</subfield>
  </datafield>
  <datafield tag="942" ind1=" " ind2=" ">
   <subfield code="a">Book</subfield>
  </datafield>
 </record>
</collection>
